00543nam a2200157Ia 4500008004100000020001800041050002400059100002000083245010700103260005300210300002100263500005100284521000900335650002800344650001300372140527s9999 xx 000 0 und d a9781422125878 aHD 30.2b.M387 2009 aMcAfee, Andrew. aEnterprise 2.0 :bnew collaborative tools for your organization's toughest challenges /cAndrew McAfee aBoston, Mass. :bHarvard Business Press,cc2009. a231 p. ;c24 cm. aIncludes bibliographical references and index. aBSBA aOnline social networks. aWeb 2.0.